000 00436nam a2200193Ia 4500
001 19250
003 GE_BSU
008 181216s||||||||xx |||||||||||||| ||und||
040 _cGE_BSU
245 4 _aThe Economist.№9008. 2016
245 _b24HT-30TH
260 _aLondon
260 _bEconomist
260 _c2016
300 _a82p ill, col,27cm.
653 _aThe Economist
653 _aპერიოდიკა
942 _cCR
999 _c52242
_d52242